000 00627cam a2200217u 4500
001 9992094
003 OSt
005 20180213033735.0
008 831213s1971 gw a 000 0 ger
010 _a 79134653
020 _a0870411357
040 _aDLC
_cCarP
_dDLC
041 _aeng
080 _a610
100 1 _a4
101 _aSHM
240 1 0 _aReview of medical physiology.
_lGerman [from old catalog]
245 1 0 _aMedizinische Physiologie;
906 _a0
_bcbc
_cpremunv
_du
_encip
_f19
_gy-gencatlg
942 _2ddc
_cBK
999 _c42335
_d42335